Statistics for Upton: True or False

Click here to take the quiz!

General Stats

  • This quiz has been taken 31 times
  • The average score is 5 of 10

Answer Stats

QuestionAnswer% Correct
According to the 2011 census, Upton has over 7500 peopleTrue
84%
Upton has a public water pump, last used for drinking water in WW2, that is over 200 years oldTrue
72%
Upton is located on the outskirts of Chester, UKTrue
60%
Upton began as a collection of gentlemen's country houses in the mid-1800sTrue
60%
Upton's local delicacy is a casserole-style dish known as "Buttered Frog"False
40%
Upton has plans to expand its borders before 2030False
40%
Upton has a golf course with a whopping 42 holes, in honour of the 42nd anniversary of the local golfing clubFalse
36%
Actor Tom Hiddleston was born and raised in Upton before moving to LondonFalse
28%
Upton has 13 churches, including a Quaker ChurchFalse
24%
A Heinkel He 111 bomber was brought to Upton for disassembly in 1941False
20%

Score Distribution

Percentile by Number Answered

Percent of People with Each Score

Your Score History

You have not taken this quiz